| 000 | 00690cam a22002172 4500 | ||
|---|---|---|---|
| 001 | 0000002578 | ||
| 005 | 20151217155816.0 | ||
| 008 | 070416s xx 000 0 eng d | ||
| 020 |
_a9976602855 : _cGBP 22.50 |
||
| 040 |
_aKABU _cKABU |
||
| 050 | 0 |
_aP94.5 _b.W65G46 |
|
| 245 | 1 | 0 |
_aGender relations and women's images in the media / _cMbilinyi, D.A.S & Omari, C. K, [eds]. |
| 260 |
_aDar-es-Salaam : _bUniversity Press, _c1996. |
||
| 300 | _axiv, 223 p. | ||
| 650 | 0 |
_aWomen and mass media. _@0000151981 |
|
| 700 | 1 |
_aMbilinyi, D. A. _@0000151982 |
|
| 700 | 1 |
_aOmari, C. K. _@0000151176 |
|
| 908 | _a070416 | ||
| 950 | _@1 | ||
| 999 |
_c12720 _d12720 |
||